[Event "11th EUR-ch"]
[Site "Rijeka CRO"]
[Date "2010.03.14"]
[Round "8"]
[White "Dimitrijevic, Darko"]
[Black "Piro, Valerio"]
[Result "1-0"]
[WhiteElo "2272"]
[BlackElo "2067"]
[EventDate "2010.03.06"]
[PlyCount "99"]

1.c4 c6 2.b3 d5 3.Bb2 Nf6 4.g3 Bg4 5.Bg2 Nbd7 6.Nf3 e6 7.O-O Bd6 8.Nc3 O-O
9.d3 Qe7 10.Qc2 Ba3 11.e4 Bxb2 12.Qxb2 Bxf3 13.Bxf3 Ne5 14.Be2 d4 15.Nd1 
c5 16.f4 Nc6 17.e5 Nd7 18.Nf2 f6 19.exf6 Nxf6 20.Bf3 Qd6 21.Rae1 Rae8 22.
Ne4 Nxe4 23.Bxe4 e5 24.Bd5+ Kh8 25.Qe2 g6 26.Bxc6 Qxc6 27.fxe5 Rxf1+ 28.
Qxf1 Qe6 29.Qf3 b6 30.g4 Kg7 31.Qf6+ Kg8 32.Qxe6+ Rxe6 33.Kg2 g5 34.Kg3 
Kf7 35.Rf1+ Ke7 36.Rf5 Rg6 37.Kf3 Rh6 38.Ke4 Rxh2 39.Kd5 Rh3 40.e6 Rxd3 
41.Rf7+ Ke8 42.Kd6 Re3 43.Rxh7 Kf8 44.Rf7+ Ke8 45.Rxa7 Kf8 46.Rf7+ Ke8 47.
Rh7 Kf8 48.e7+ Ke8 49.Rh8+ Kf7 50.Rf8+ 1-0

[Event "11th EUR-ch"]
[Site "Rijeka CRO"]
[Date "2010.03.14"]
[Round "8"]
[White "Cucancic, Sinisa"]
[Black "Valkovic, Kristian"]
[Result "1-0"]
[WhiteElo "2271"]
[BlackElo "2027"]
[EventDate "2010.03.06"]
[PlyCount "79"]

1.e4 e6 2.d4 d5 3.Nd2 Nf6 4.e5 Nfd7 5.f4 g6 6.Ngf3 c5 7.c4 Nb6 8.a3 Nc6 9.
dxc5 Bxc5 10.b4 Be3 11.c5 Nd7 12.Nb3 Bxc1 13.Rxc1 a6 14.Be2 O-O 15.O-O 
Ndb8 16.Qd2 f6 17.Qe3 Bd7 18.h3 fxe5 19.fxe5 Ne7 20.g4 Nbc6 21.Qh6 Rf7 22.
Ng5 Rg7 23.Rf2 Nxe5 24.Nd4 Qc8 25.Rf6 N7c6 26.Ndxe6 Bxe6 27.Nxe6 Re7 28.
Rf8+ Qxf8 29.Nxf8 Rxf8 30.Qd2 d4 31.Rf1 Ref7 32.Rxf7 Rxf7 33.Kg2 Kg7 34.a4
d3 35.Bd1 Rd7 36.g5 Nc4 37.Qf4 N6e5 38.Qf6+ Kg8 39.Bb3 d2 40.Qxe5 1-0

[Event "11th EUR-ch"]
[Site "Rijeka CRO"]
[Date "2010.03.14"]
[Round "8"]
[White "Nastic, Milorad"]
[Black "Voiteanu, Gabriel"]
[Result "1/2-1/2"]
[WhiteElo "2009"]
[BlackElo "2254"]
[EventDate "2010.03.06"]
[PlyCount "80"]

1.e4 e5 2.Nf3 Nf6 3.Nxe5 d6 4.Nf3 Nxe4 5.d4 d5 6.Bd3 Be7 7.O-O Nc6 8.c4 
Nb4 9.Nc3 Nxd3 10.Qxd3 Bf5 11.Nxd5 Ng3 12.Qe3 Nxf1 13.Kxf1 Be6 14.Qb3 Bxd5
15.cxd5 O-O 16.Qxb7 Qd6 17.Qc6 Rab8 18.Ne5 Rb6 19.Qxd6 Rxd6 20.Nc6 Bf6 21.
Be3 Rxd5 22.Rc1 a5 23.Rc4 Ra8 24.b3 Kf8 25.Bf4 Rd7 26.Ke2 g5 27.Be3 Rd5 
28.Kd3 Rd6 29.Rc5 a4 30.b4 h6 31.h4 gxh4 32.Bxh6+ Bg7 33.Bg5 Bf6 34.Bf4 
Rd7 35.Ne5 Bxe5 36.Bxe5 Re7 37.Kc4 f6 38.Bxf6 Re2 39.Rf5 Kf7 40.Rf3 Rxa2 
1/2-1/2

[Event "11th EUR-ch"]
[Site "Rijeka CRO"]
[Date "2010.03.14"]
[Round "8"]
[White "Tassopoulos, Marios"]
[Black "Partys, Petr"]
[Result "1-0"]
[WhiteElo "2245"]
[BlackElo "1977"]
[EventDate "2010.03.06"]
[PlyCount "59"]

1.e4 c5 2.Nf3 e6 3.c3 d5 4.exd5 exd5 5.d4 Nf6 6.Bb5+ Nc6 7.O-O Be7 8.dxc5 
O-O 9.Be3 Bg4 10.Nbd2 Rc8 11.h3 Bh5 12.Be2 Re8 13.Re1 Qc7 14.b4 a6 15.Nd4 
Bxe2 16.Qxe2 Bf8 17.Nxc6 Qxc6 18.Qd3 h6 19.Bd4 Rxe1+ 20.Rxe1 Re8 21.Rxe8 
Qxe8 22.Bxf6 gxf6 23.Nf1 Qe6 24.a3 a5 25.Ne3 b6 26.cxb6 Qxb6 27.Nxd5 Qe6 
28.Qe4 Qa6 29.g3 axb4 30.axb4 1-0

[Event "11th EUR-ch"]
[Site "Rijeka CRO"]
[Date "2010.03.14"]
[Round "8"]
[White "Srdoc, Nenad"]
[Black "Papadakis, Michalis"]
[Result "1-0"]
[WhiteElo "1949"]
[BlackElo "2244"]
[EventDate "2010.03.06"]
[PlyCount "78"]

1.e4 c5 2.Nc3 a6 3.g3 b5 4.d3 Bb7 5.Bg2 g6 6.Be3 d6 7.Qd2 Bg7 8.f4 Nc6 9.
Nf3 Nd4 10.Nd1 e5 11.c3 Nxf3+ 12.Bxf3 Qc7 13.Nf2 Ne7 14.O-O O-O 15.Rad1 f5
16.fxe5 dxe5 17.Bh6 Rad8 18.Bxg7 Kxg7 19.Bg2 fxe4 20.Nxe4 h6 21.Rxf8 Rxf8 
22.Qe3 Bxe4 23.Qxe4 Nf5 24.Re1 Re8 25.Bh3 Nd6 26.Qd5 Nf7 27.Rf1 Ng5 28.Bg2
Re7 29.h4 Nf7 30.Kh2 h5 31.Bh3 g5 32.Qf3 g4 33.Qf6+ Kg8 34.Qg6+ Kf8 35.
Qxh5 Ke8 36.Qxg4 Kf8 37.h5 Qd6 38.Qg6 Qd5 39.h6 Rc7 1-0

[Event "11th EUR-ch"]
[Site "Rijeka CRO"]
[Date "2010.03.14"]
[Round "8"]
[White "Sgnaolin, Davide"]
[Black "Bar, Aviv"]
[Result "1-0"]
[WhiteElo "2234"]
[BlackElo "2022"]
[EventDate "2010.03.06"]
[PlyCount "55"]

1.e4 c5 2.c3 d5 3.exd5 Qxd5 4.d4 Nc6 5.Nf3 cxd4 6.cxd4 e5 7.Nc3 Bb4 8.Bd2 
Bxc3 9.Bxc3 e4 10.Nd2 Nf6 11.Bc4 Qg5 12.d5 Qxg2 13.Rf1 Ne7 14.Bxf6 gxf6 
15.Qb3 O-O 16.O-O-O Ng6 17.f3 b5 18.Bxb5 Rb8 19.Nxe4 Qxh2 20.Qc3 Qf4+ 21.
Kb1 Kg7 22.Bc6 Ba6 23.Rh1 Be2 24.Rdg1 Bxf3 25.Nxf6 Qf5+ 26.Ka1 Rh8 27.Ne8+
Kf8 28.Rxg6 1-0

[Event "11th EUR-ch"]
[Site "Rijeka CRO"]
[Date "2010.03.14"]
[Round "8"]
[White "Pfeifer, Antun"]
[Black "Jacobsen, Bo"]
[Result "0-1"]
[WhiteElo "1882"]
[BlackElo "2375"]
[EventDate "2010.03.06"]
[PlyCount "72"]

1.e4 e5 2.Nf3 Nc6 3.d4 exd4 4.Nxd4 d6 5.Nxc6 bxc6 6.Bd3 Be7 7.c4 Bf6 8.O-O
Ne7 9.Nc3 O-O 10.Be3 c5 11.Qd2 Nc6 12.Nd5 Bd4 13.Rae1 a5 14.f4 Nb4 15.Bb1 
Bxe3+ 16.Rxe3 Ba6 17.b3 Re8 18.Rh3 Bc8 19.f5 Nxd5 20.Qxd5 Rb8 21.Rg3 Re5 
22.f6 g6 23.Qd2 Ra8 24.Rg5 Rxg5 25.Qxg5 a4 26.Bc2 axb3 27.Bxb3 Bb7 28.Rf4 
Qf8 29.Rh4 Re8 30.Bc2 Re5 31.Qf4 h5 32.Rh3 Kh7 33.g4 Bc8 34.gxh5 Bxh3 35.
hxg6+ Kxg6 36.Qg3+ Rg5 0-1

[Event "11th EUR-ch"]
[Site "Rijeka CRO"]
[Date "2010.03.14"]
[Round "8"]
[White "Schiendorfer, Emanuel"]
[Black "Hayes, Peter"]
[Result "1-0"]
[WhiteElo "2340"]
[BlackElo "2046"]
[EventDate "2010.03.06"]
[PlyCount "37"]

1.d4 f5 2.c4 d6 3.Nc3 Nf6 4.Bg5 Nbd7 5.Qc2 g6 6.Nf3 h6 7.Bxf6 Nxf6 8.e4 e6
9.O-O-O Bg7 10.exf5 exf5 11.Re1+ Kf7 12.c5 Be6 13.Bb5 a6 14.Ba4 Qc8 15.
Rxe6 Qxe6 16.Re1 Qc8 17.Qb3+ Kf8 18.Nh4 Ne4 19.Nxg6# 1-0

[Event "11th EUR-ch"]
[Site "Rijeka CRO"]
[Date "2010.03.14"]
[Round "8"]
[White "Lanzani, Giuliano"]
[Black "Spichkin, Alexander"]
[Result "1/2-1/2"]
[WhiteElo "1992"]
[BlackElo "2241"]
[EventDate "2010.03.06"]
[PlyCount "105"]

1.e4 Nc6 2.d4 d5 3.Nc3 Nf6 4.e5 Ng8 5.h4 f6 6.Bf4 fxe5 7.dxe5 d4 8.Ne4 Qd5
9.Bd3 Bf5 10.Qf3 e6 11.g4 Bxe4 12.Bxe4 Qa5+ 13.Bd2 Qxe5 14.O-O-O Nge7 15.
Nh3 O-O-O 16.Ng5 Qc5 17.Nxe6 Qc4 18.Nxd8 Qxa2 19.Qa3 Qxa3 20.bxa3 Nxd8 21.
Bb4 b6 22.Rxd4 c5 23.Rc4 Nf7 24.Bxc5 bxc5 25.Rxc5+ Kd7 26.Rd1+ Nd6 27.Ra5 
Nc8 28.Ra6 Ke6 29.c4 Ke5 30.Bd5 Nb6 31.c5 Nxd5 32.cxd6 Bxd6 33.Ra5 Rc8+ 
34.Kb2 Bc5 35.Kb3 Rc6 36.f3 Rb6+ 37.Kc4 Ne3+ 38.Kxc5 Nxd1 39.Rxa7 Rh6 40.
Rxg7 Nb2 41.h5 Na4+ 42.Kb5 Nc3+ 43.Kc5 Kf4 44.Rf7+ Ke3 45.Rb7 Kf4 46.Rf7+ 
Kg3 47.Kd4 Ne2+ 48.Ke5 Ng1 49.Rf6 Nxf3+ 50.Kf5 Nd4+ 51.Kg5 Rxf6 52.Kxf6 
Kxg4 53.Kg7 1/2-1/2

[Event "11th EUR-ch"]
[Site "Rijeka CRO"]
[Date "2010.03.14"]
[Round "8"]
[White "Ofstad, Per"]
[Black "Klasan, Elvis"]
[Result "1-0"]
[WhiteElo "2197"]
[BlackElo "1995"]
[EventDate "2010.03.06"]
[PlyCount "51"]

1.e4 e5 2.Nf3 Nc6 3.Bb5 d6 4.d3 Be7 5.O-O Nf6 6.h3 O-O 7.c3 a6 8.Ba4 b5 9.
Bc2 d5 10.Qe2 dxe4 11.dxe4 Be6 12.Rd1 Qc8 13.Be3 h6 14.Nbd2 Qb7 15.Nh4 Ng4
16.Nf5 Nxe3 17.Qxe3 Bxf5 18.exf5 Qb6 19.Qf3 Na7 20.Ne4 f6 21.Rd7 Rfe8 22.
Bb3+ Kh8 23.Bf7 Rf8 24.Rxe7 Nc6 25.Re6 Rxf7 26.Ng3 1-0

[Event "11th EUR-ch"]
[Site "Rijeka CRO"]
[Date "2010.03.14"]
[Round "8"]
[White "Elkin, Leonid"]
[Black "Gradiser, Dragoljub"]
[Result "1-0"]
[WhiteElo "2189"]
[BlackElo "1954"]
[EventDate "2010.03.06"]
[PlyCount "45"]

1.d4 d5 2.c4 Nf6 3.cxd5 Nxd5 4.g3 e6 5.Bg2 Nc6 6.Nf3 Bb4+ 7.Bd2 Bxd2+ 8.
Qxd2 f5 9.O-O O-O 10.Nc3 Nf6 11.Rfd1 Qe7 12.Rac1 Rd8 13.Qf4 Nh5 14.Qe3 Nf6
15.Ne5 Nxe5 16.dxe5 Ng4 17.Rxd8+ Qxd8 18.Qc5 c6 19.h3 Nh6 20.Rd1 Qc7 21.
Nb5 Qa5 22.Qe7 Nf7 23.Qe8# 1-0

[Event "11th EUR-ch"]
[Site "Rijeka CRO"]
[Date "2010.03.14"]
[Round "8"]
[White "Astengo, Corrado"]
[Black "Nakas, Spyridon"]
[Result "1/2-1/2"]
[WhiteElo "2136"]
[BlackElo "1934"]
[EventDate "2010.03.06"]
[PlyCount "47"]

1.e4 e5 2.Nf3 Nf6 3.Nxe5 d6 4.Nf3 Nxe4 5.Nc3 Nxc3 6.dxc3 Be7 7.Be3 Nc6 8.
Qd5 Be6 9.Qh5 g6 10.Qb5 Qc8 11.Bd3 a6 12.Qa4 Bd7 13.Qf4 h6 14.h4 Be6 15.
Nd4 Ne5 16.Nxe6 Nxd3+ 17.cxd3 Qxe6 18.Qa4+ Qd7 19.Qd4 O-O-O 20.O-O-O f5 
21.h5 g5 22.Kb1 f4 23.Bc1 Rdf8 24.Rde1 1/2-1/2

[Event "11th EUR-ch"]
[Site "Rijeka CRO"]
[Date "2010.03.14"]
[Round "8"]
[White "Antoniacci, Riccardo"]
[Black "Chubar, Vladimir"]
[Result "0-1"]
[WhiteElo "1921"]
[BlackElo "2114"]
[EventDate "2010.03.06"]
[PlyCount "100"]

1.e4 e6 2.d3 d5 3.Nd2 Nf6 4.g3 dxe4 5.dxe4 e5 6.Ngf3 Nc6 7.Bb5 Bc5 8.Nxe5 
Bxf2+ 9.Kxf2 Qd4+ 10.Kg2 Qxe5 11.Bxc6+ bxc6 12.Nf3 Qh5 13.h3 O-O 14.Ng5 
Qg6 15.e5 Ne4 16.Qd3 Nxg5 17.Qxg6 fxg6 18.Bxg5 Rf5 19.Bf4 g5 20.Bd2 Rxe5 
21.Rhe1 Rd5 22.Bc3 Rd7 23.Re5 h6 24.Rae1 Bb7 25.Re8+ Kf7 26.R8e5 c5+ 27.
Kh2 Bd5 28.Rf1+ Kg6 29.b3 c6 30.g4 a5 31.Rfe1 Kf7 32.Rf1+ Kg8 33.Be1 c4 
34.h4 gxh4 35.g5 hxg5 36.Rxg5 a4 37.b4 Re8 38.Bxh4 Re2+ 39.Rf2 Rxf2+ 40.
Bxf2 Be4 41.Rg4 Rd2 42.Kg3 Bd5 43.Rd4 c3 44.Be3 Rxc2 45.b5 Rxa2 46.b6 c2 
47.Bc1 Ra1 48.Bf4 c1=Q 49.Bxc1 Rxc1 50.Rb4 c5 0-1

[Event "11th EUR-ch"]
[Site "Rijeka CRO"]
[Date "2010.03.14"]
[Round "8"]
[White "Neagos, Raul-Alexandru"]
[Black "Di Lazzaro, Gabriele"]
[Result "1/2-1/2"]
[WhiteElo "2100"]
[BlackElo "1898"]
[EventDate "2010.03.06"]
[PlyCount "148"]

1.d4 d5 2.Nf3 Nf6 3.c4 e6 4.Nc3 c6 5.e3 Bd6 6.Qc2 O-O 7.e4 dxe4 8.Nxe4 
Bb4+ 9.Nc3 c5 10.dxc5 Nbd7 11.c6 bxc6 12.Be2 Qc7 13.O-O a5 14.a3 Bd6 15.h3
Ba6 16.Be3 Bf4 17.Bxf4 Qxf4 18.Rfd1 Rfd8 19.b4 axb4 20.axb4 Qc7 21.Nd4 Bb7
22.Rxa8 Rxa8 23.c5 g6 24.Nb3 Ba6 25.Ra1 Qc8 26.b5 Bxb5 27.Rxa8 Qxa8 28.
Nxb5 cxb5 29.Bxb5 Qb8 30.Qd3 Qc7 31.Qd4 Nd5 32.g3 Ne5 33.Be2 Nc6 34.Qa4 
Nce7 35.Bf3 Kg7 36.h4 h5 37.Kg2 Kg8 38.Qc4 Kh7 39.Nd4 Kg8 40.c6 Nb6 41.Qc5
Nbd5 42.Bxd5 Nxd5 43.Nb5 Qe7 44.Qc4 Qe8 45.c7 Qc8 46.Qc6 Kf8 47.Qd6+ Ke8 
48.Qc6+ Ke7 49.f3 f6 50.Qd6+ Ke8 51.Qc6+ Ke7 52.Kh2 f5 53.Qd6+ Ke8 54.Qe5 
Kd7 55.Qg7+ Ne7 56.Qd4+ Nd5 57.Qg7+ Ne7 58.Qe5 Qa6 59.Qd4+ Nd5 60.Qc5 Ne7 
61.Qd4+ Nd5 62.Qg7+ Ne7 63.Qd4+ Nd5 64.Qh8 Ne7 65.Qd8+ Kc6 66.Nd4+ Kc5 67.
Qxe7+ Kxd4 68.Qd7+ Ke3 69.Qd1 Qc6 70.Qe1+ Kd3 71.Qd1+ Ke3 72.Qe1+ Kd3 73.
Qb1+ Ke3 74.Qg1+ Kd3 1/2-1/2

[Event "11th EUR-ch"]
[Site "Rijeka CRO"]
[Date "2010.03.14"]
[Round "8"]
[White "Krauss, Josef"]
[Black "Jambresic, Jurica"]
[Result "1-0"]
[WhiteElo "2100"]
[BlackElo "1877"]
[EventDate "2010.03.06"]
[PlyCount "75"]

1.e4 e5 2.Nf3 Nc6 3.d4 exd4 4.Nxd4 Qf6 5.Be3 Bc5 6.c3 Nge7 7.Bc4 O-O 8.O-O
a6 9.a4 Ba7 10.f4 d6 11.h3 Be6 12.Na3 g6 13.Qd2 Rad8 14.Qf2 Bxd4 15.cxd4 
Bxc4 16.Nxc4 Qg7 17.d5 Nb8 18.Bd4 f6 19.Rac1 Qf7 20.Ne3 Rc8 21.Ng4 Qe8 22.
Nxf6+ Rxf6 23.Bxf6 Nd7 24.Bc3 Kf7 25.Qd4 Qg8 26.e5 Nf5 27.Qf2 Nc5 28.Qf3 
Nxa4 29.g4 Nxc3 30.Rxc3 Nd4 31.Qe4 Nb5 32.Rcf3 Kg7 33.f5 dxe5 34.Qxe5+ Kh6
35.f6 Qe8 36.g5+ Kh5 37.Qe6 Kxg5 38.Qg4+ 1-0

[Event "11th EUR-ch"]
[Site "Rijeka CRO"]
[Date "2010.03.14"]
[Round "8"]
[White "Bozinovic, Boban"]
[Black "Winkler, Stefan"]
[Result "1/2-1/2"]
[WhiteElo "2086"]
[BlackElo "1855"]
[EventDate "2010.03.06"]
[PlyCount "81"]

1.d4 e6 2.g3 d5 3.Bg2 Nf6 4.Nd2 c5 5.e3 Nc6 6.c3 b6 7.f4 Be7 8.Ne2 O-O 9.
O-O Ba6 10.c4 Qc8 11.b3 Rb8 12.Ba3 Rd8 13.Rc1 dxc4 14.Nxc4 Nd5 15.Qd2 Rd7 
16.Ne5 Nxe5 17.fxe5 Qd8 18.Rcd1 Bg5 19.Bxd5 Rxd5 20.Rf2 cxd4 21.Nxd4 Rc8 
22.Bd6 Bb7 23.Qe2 Be7 24.e4 Ra5 25.Qf3 f5 26.Nxe6 Bxe4 27.Qh5 Qd7 28.Ng5 
Bxg5 29.Qxg5 Rxe5 30.Rfd2 Ree8 31.Bf4 Qe7 32.Rd7 Qxg5 33.Bxg5 Rc2 34.Rxa7 
Rg2+ 35.Kf1 Rxh2 36.Rdd7 Rh1+ 37.Kf2 Rh2+ 38.Kf1 Rh1+ 39.Kf2 Rh2+ 40.Kg1 
Rh1+ 41.Kf2 1/2-1/2

[Event "11th EUR-ch"]
[Site "Rijeka CRO"]
[Date "2010.03.14"]
[Round "8"]
[White "Schweitzer, Werner"]
[Black "Dubrovic, Mihovil"]
[Result "1-0"]
[WhiteElo "2069"]
[BlackElo "1849"]
[EventDate "2010.03.06"]
[PlyCount "109"]

1.e4 e5 2.Bc4 Nc6 3.Nc3 Bc5 4.Qg4 g6 5.Qg3 d6 6.Nf3 Nf6 7.d3 h6 8.Nh4 g5 
9.Nf5 Bxf5 10.exf5 Nd4 11.Bb3 Qd7 12.Ne4 Qxf5 13.Nxc5 dxc5 14.Ba4+ b5 15.
c3 bxa4 16.cxd4 cxd4 17.h4 Nh5 18.Qh2 Nf4 19.Bxf4 gxf4 20.O-O-O f6 21.Rhe1
Rb8 22.Re2 Kf7 23.Rc2 Rb7 24.Rc4 Rhb8 25.Rd2 Qd7 26.Rdc2 Ke8 27.h5 Qf5 28.
Rd2 Qg4 29.f3 Qd7 30.Rdc2 a3 31.b3 a5 32.Qh4 Qf5 33.Kd2 Kd7 34.Rc6 Rf8 35.
Ra6 Rb6 36.Rxa5 Rg8 37.Qh1 Rg5 38.Ra7 Qe6 39.Rcxc7+ Kd6 40.Ke2 Rc6 41.
Rxc6+ Kxc6 42.Ra6+ Kd7 43.Rxe6 Kxe6 44.Kf2 Rg7 45.Qc1 Kf5 46.Qxa3 Rc7 47.
Qb2 Kg5 48.b4 Rc3 49.Qb1 f5 50.b5 e4 51.dxe4 d3 52.Ke1 fxe4 53.fxe4 Rc2 
54.Qxc2 dxc2 55.Kd2 1-0

[Event "11th EUR-ch"]
[Site "Rijeka CRO"]
[Date "2010.03.14"]
[Round "8"]
[White "Gandolfi, Gianfranco"]
[Black "Guidi, Maurizio"]
[Result "0-1"]
[WhiteElo "1780"]
[BlackElo "2050"]
[EventDate "2010.03.06"]
[PlyCount "50"]

1.c4 g6 2.Nc3 Bg7 3.Nf3 b6 4.d4 Bb7 5.e4 d6 6.Bd3 Nd7 7.Be3 Ngf6 8.h3 e5 
9.d5 O-O 10.Qd2 a5 11.Bh6 Nc5 12.Bxg7 Kxg7 13.Qe3 Qd7 14.Nd2 Nh5 15.g3 Qe7
16.Be2 Nf6 17.O-O-O c6 18.f4 exf4 19.Qxf4 Rae8 20.Rhe1 Nfxe4 21.Ndxe4 Nxe4
22.Bf3 cxd5 23.cxd5 f5 24.Bxe4 fxe4 25.Qxe4 Qg5+ 0-1

[Event "11th EUR-ch"]
[Site "Rijeka CRO"]
[Date "2010.03.14"]
[Round "8"]
[White "Lazic, Dusko"]
[Black "Lekic, Lazar"]
[Result "1-0"]
[WhiteElo "2046"]
[BlackElo "1739"]
[EventDate "2010.03.06"]
[PlyCount "83"]

1.e4 c5 2.Nc3 a6 3.g3 Nc6 4.Bg2 g6 5.d3 Bg7 6.Be3 d6 7.Qd2 b5 8.Nge2 Nd4 
9.e5 Bh3 10.O-O Bxg2 11.Kxg2 dxe5 12.a4 b4 13.Nd1 Nf6 14.f3 O-O 15.b3 Nd5 
16.Bg1 f5 17.Nf2 Nxc2 18.Nh3 Nxa1 19.Rxa1 e4 20.Rf1 Nc3 21.fxe4 fxe4 22.
Rxf8+ Qxf8 23.dxe4 Rd8 24.Qe3 Bd4 25.Nxd4 cxd4 26.Qd3 Qf7 27.Ng5 Qxb3 28.
Qxa6 Qa2+ 29.Kh3 Ne2 30.Bf2 d3 31.Qb6 Rd6 32.Qb8+ Kg7 33.Qe8 Rf6 34.Qxe7+ 
Rf7 35.Qe5+ Kg8 36.Bc5 d2 37.Qe8+ Kg7 38.Bd6 Ng1+ 39.Kh4 Nf3+ 40.Nxf3 Rxf3
41.Be5+ Kh6 42.Qe7 1-0

[Event "11th EUR-ch"]
[Site "Rijeka CRO"]
[Date "2010.03.14"]
[Round "8"]
[White "Mravic, Filip"]
[Black "Pantaleoni, Claudio"]
[Result "0-1"]
[WhiteElo "1718"]
[BlackElo "2179"]
[EventDate "2010.03.06"]
[PlyCount "66"]

1.Nf3 d5 2.c4 e6 3.e3 c5 4.d4 Nf6 5.Nc3 Nc6 6.a3 a6 7.Bd3 dxc4 8.Bxc4 b5 
9.Bd3 Bb7 10.O-O Qc7 11.Qe2 Rd8 12.Rd1 Bd6 13.h3 O-O 14.Bc2 Ne7 15.e4 cxd4
16.Nxd4 Ng6 17.g3 Bc5 18.Be3 Ne5 19.b3 Bxd4 20.Bxd4 Rxd4 21.Rxd4 Qxc3 22.
Rdd1 Nf3+ 23.Kg2 Nd4 24.Rxd4 Qxd4 25.Re1 g6 26.f3 Rc8 27.Rd1 Qb2 28.Rd2 
Qxa3 29.Qd3 Qc5 30.Bd1 Qe5 31.Qd4 Qxd4 32.Rxd4 Kf8 33.Kf2 Ke7 0-1

[Event "11th EUR-ch"]
[Site "Rijeka CRO"]
[Date "2010.03.14"]
[Round "8"]
[White "Spika, Ivica"]
[Black "Krsnik Cohar, Ivan Vihor"]
[Result "1-0"]
[WhiteElo "2085"]
[BlackElo "1718"]
[EventDate "2010.03.06"]
[PlyCount "81"]

1.c4 e5 2.Nc3 Nc6 3.Nf3 f5 4.d4 e4 5.Ng1 Nf6 6.e3 d5 7.Bd2 Be7 8.Qb3 dxc4 
9.Qxc4 Na5 10.Qa4+ Nc6 11.Bc4 Bd7 12.Qd1 a6 13.Nge2 Nb4 14.a3 b5 15.Bxb5 
axb5 16.axb4 Bxb4 17.Rxa8 Qxa8 18.O-O Bd6 19.Qb3 c6 20.f3 exf3 21.gxf3 Qa6
22.Nc1 Qc8 23.d5 c5 24.Nxb5 Bxh2+ 25.Kxh2 Qb8+ 26.Kg1 Bxb5 27.d6 c4 28.Qb4
O-O 29.Bc3 f4 30.e4 Qa7+ 31.Kg2 Qd7 32.Qc5 Rc8 33.Qd4 Qe6 34.Ne2 Nh5 35.
Rd1 Bd7 36.Rh1 Qg6+ 37.Kf2 Ng3 38.Rg1 Qh6 39.Nxf4 Qh2+ 40.Rg2 Nh1+ 41.Ke3 
1-0

[Event "11th EUR-ch"]
[Site "Rijeka CRO"]
[Date "2010.03.14"]
[Round "8"]
[White "Dubrovic, Gabriel"]
[Black "Durandeau, Jean-Marie"]
[Result "0-1"]
[WhiteElo "1606"]
[BlackElo "2040"]
[EventDate "2010.03.06"]
[PlyCount "76"]

1.e3 f5 2.d4 Nf6 3.c4 e6 4.Bd3 b6 5.Nf3 Bb7 6.Nc3 Be7 7.O-O O-O 8.Re1 Ne4 
9.Bd2 d6 10.a3 Nd7 11.Rf1 Ndf6 12.Ne1 e5 13.f3 Nxc3 14.Bxc3 e4 15.fxe4 
fxe4 16.Be2 d5 17.cxd5 Nxd5 18.Rxf8+ Qxf8 19.Bc4 Bg5 20.Nc2 Kh8 21.Bxd5 
Bxd5 22.Bd2 Qf7 23.Qf1 Qe6 24.Rc1 Bc4 25.Qf2 Be7 26.Bb4 c5 27.Bc3 Rf8 28.
Qd2 Qf5 29.g3 Bd3 30.dxc5 bxc5 31.b4 Bf1 32.bxc5 Bh3 33.Qe2 Bg4 34.Qe1 
Bxc5 35.Bb4 Qf3 36.h4 Bh3 37.Qd2 Qxg3+ 38.Kh1 Bg4 0-1

[Event "11th EUR-ch"]
[Site "Rijeka CRO"]
[Date "2010.03.14"]
[Round "8"]
[White "Dujic, Davor"]
[Black "Stefan, Mario"]
[Result "0-1"]
[WhiteElo "1598"]
[BlackElo "1968"]
[EventDate "2010.03.06"]
[PlyCount "50"]

1.b3 e5 2.Bb2 Nc6 3.c4 Nf6 4.e3 d5 5.cxd5 Nxd5 6.Bb5 Nb4 7.a3 Nd3+ 8.Bxd3 
Qxd3 9.Nc3 Be6 10.Nge2 Rd8 11.Nc1 Qg6 12.Rg1 Be7 13.N1e2 Bf5 14.Rc1 a6 15.
Ng3 Bd3 16.Qf3 Qe6 17.b4 Qb3 18.Nd1 O-O 19.Nf5 Bxf5 20.Qxf5 Rd3 21.Bc3 
Rfd8 22.Ra1 Qc2 23.Qf3 Nd4 24.Qh5 Nb3 25.Qxe5 Bf6 0-1

[Event "11th EUR-ch"]
[Site "Rijeka CRO"]
[Date "2010.03.14"]
[Round "8"]
[White "Camber, Ivan"]
[Black "Tica, Sven"]
[Result "1/2-1/2"]
[WhiteElo "1911"]
[BlackElo "1562"]
[EventDate "2010.03.06"]
[PlyCount "138"]

1.e4 e5 2.Nf3 Nf6 3.Nxe5 d6 4.Nf3 Nxe4 5.d4 d5 6.Bd3 Nf6 7.O-O Be7 8.Ne5 
Be6 9.f4 c6 10.Nd2 Qb6 11.c3 Nbd7 12.Ndf3 h6 13.Kh1 g6 14.Qe2 c5 15.dxc5 
Nxc5 16.Bb5+ Kf8 17.Be3 Qd6 18.Bxc5 Qxc5 19.Nd4 Rg8 20.Rae1 Bf5 21.Nxf5 
gxf5 22.Nd7+ Nxd7 23.Bxd7 Bd6 24.Qh5 Rg6 25.Bxf5 Rf6 26.Bg4 Re8 27.Qh4 
Rxe1 28.Rxe1 Kg7 29.f5 Qc4 30.Qh3 Qxa2 31.b4 Be5 32.Qd3 Bf4 33.g3 Qd2 34.
Rd1 Qxd3 35.Rxd3 Be5 36.Kg2 Rc6 37.Rxd5 Bxc3 38.b5 Rc7 39.Kf3 f6 40.Ke4 
Be5 41.Be2 Re7 42.Kd3 Rc7 43.Bh5 Rc3+ 44.Kd2 Rc7 45.Be8 Kf8 46.Bd7 Ke7 47.
Be6 Bd6 48.Ke3 Rc5 49.Kf3 Rxd5 50.Bxd5 b6 51.Kg4 Bc5 52.Kh5 Be3 53.Kg6 Bd2
54.Kh5 Kd6 55.Bc4 Ke5 56.Kg6 Be3 57.Bd3 Bd2 58.h4 Be3 59.g4 Bd2 60.Kf7 Bc3
61.Bc4 Kf4 62.Be2 Ke5 63.Ke7 Be1 64.h5 Bc3 65.Kd7 Kf4 66.Kc7 Kg5 67.Kb7 
Bd4 68.Kxa7 Bg1 69.Kb7 Bf2 1/2-1/2

[Event "11th EUR-ch"]
[Site "Rijeka CRO"]
[Date "2010.03.14"]
[Round "8"]
[White "Dubrovic, Rafael"]
[Black "Faika, Michael"]
[Result "0-1"]
[WhiteElo "1577"]
[BlackElo "2102"]
[EventDate "2010.03.06"]
[PlyCount "66"]

1.e4 e5 2.d4 exd4 3.Qxd4 Nc6 4.Qe3 b6 5.Nc3 Nb4 6.Bd3 Ba6 7.Qe2 Nxd3+ 8.
cxd3 Bb4 9.Bd2 Ne7 10.a3 Bc5 11.Nf3 Nc6 12.Bg5 f6 13.Be3 O-O 14.O-O Ne7 
15.Qd2 d5 16.Rfd1 d4 17.Nd5 Nxd5 18.exd5 dxe3 19.fxe3 Qxd5 20.d4 Bd6 21.
Qf2 Qh5 22.h3 Bb7 23.g4 Qxh3 24.Rf1 Qxg4+ 25.Kh1 f5 26.Qg2 Qh5+ 27.Kg1 Rf6
28.Kf2 f4 29.e4 Bxe4 30.Rg1 Rg6 31.Qh1 Qxh1 32.Rxh1 Rg3 33.Nd2 Bxh1 0-1

[Event "11th EUR-ch"]
[Site "Rijeka CRO"]
[Date "2010.03.15"]
[Round "9"]
[White "Nepomnyaschy, Yan"]
[Black "Jobava, Baadur"]
[Result "1-0"]
[WhiteElo "2656"]
[BlackElo "2695"]
[EventDate "2010.03.06"]
[PlyCount "61"]

1.e4 c6 2.d4 d5 3.f3 Qb6 4.a4 e5 5.dxe5 dxe4 6.a5 Qc7 7.f4 Nh6 8.Nc3 Bb4 
9.Bd2 e3 10.Bxe3 O-O 11.Nf3 Rd8 12.Bd3 Na6 13.Qe2 Bxa5 14.O-O Nb4 15.Be4 
Bf5 16.Kh1 Bb6 17.Bxb6 Qxb6 18.Ng5 c5 19.Rae1 Qg6 20.Bxb7 Nxc2 21.Nd5 Rxd5
22.Bxd5 Bd3 23.Qf3 Re8 24.e6 Nxe1 25.Rxe1 fxe6 26.Rxe6 Kh8 27.h3 Rxe6 28.
Bxe6 Bb5 29.f5 Qe8 30.f6 Qf8 31.f7 1-0

[Event "11th EUR-ch"]
[Site "Rijeka CRO"]
[Date "2010.03.15"]
[Round "9"]
[White "Sokolov, Ivan"]
[Black "Efimenko, Zahar"]
[Result "1/2-1/2"]
[WhiteElo "2638"]
[BlackElo "2640"]
[EventDate "2010.03.06"]
[PlyCount "107"]

1.d4 Nf6 2.c4 e6 3.Nf3 d5 4.Nc3 Bb4 5.Bg5 Nbd7 6.cxd5 exd5 7.e3 c5 8.Be2 
Qa5 9.O-O Bxc3 10.bxc3 c4 11.Qc2 Ne4 12.Rfc1 Nxg5 13.Nxg5 Nf6 14.e4 h6 15.
Nf3 Nxe4 16.Bxc4 O-O 17.Bd3 Nd6 18.Ne5 Be6 19.f4 f5 20.Qb3 Rfc8 21.a4 Rc7 
22.Qb4 Qxb4 23.cxb4 Rac8 24.Rc5 b6 25.Rxc7 Rxc7 26.b5 Bf7 27.a5 Be8 28.
axb6 axb6 29.Ra8 Rc8 30.Rxc8 Nxc8 31.Bxf5 Nd6 32.Be6+ Kf8 33.Kf2 Nxb5 34.
Ke3 Nc7 35.Bc8 Ke7 36.g4 b5 37.Nd3 Bd7 38.Bxd7 Kxd7 39.Nb4 Ke6 40.f5+ Kf6 
41.Kf4 g5+ 42.Ke3 Ke7 43.Kd2 Kd6 44.Kc3 Ne8 45.Nd3 Nf6 46.Ne5 h5 47.gxh5 
Nxh5 48.Kb4 Ng7 49.Nf7+ Ke7 50.Nxg5 Kf6 51.h4 Kxf5 52.Kxb5 Kg4 53.Kc5 Kxh4
54.Kxd5 1/2-1/2

[Event "11th EUR-ch"]
[Site "Rijeka CRO"]
[Date "2010.03.15"]
[Round "9"]
[White "Lysyi, Igor"]
[Black "Fressinet, Laurent"]
[Result "1/2-1/2"]
[WhiteElo "2615"]
[BlackElo "2670"]
[EventDate "2010.03.06"]
[PlyCount "47"]

1.d4 d5 2.c4 c6 3.Nf3 Nf6 4.e3 Bf5 5.Nc3 e6 6.Nh4 Bg6 7.Be2 Nbd7 8.g3 dxc4
9.Nxg6 hxg6 10.Bxc4 Bd6 11.Bf1 e5 12.Bg2 exd4 13.exd4 O-O 14.O-O Nb6 15.
Qb3 Qd7 16.a4 Be7 17.a5 Nbd5 18.Bg5 Rad8 19.Bxf6 Bxf6 20.Rfd1 Rfe8 21.Bxd5
cxd5 22.a6 bxa6 23.Rxa6 Re6 24.Ra5 1/2-1/2

[Event "11th EUR-ch"]
[Site "Rijeka CRO"]
[Date "2010.03.15"]
[Round "9"]
[White "Berkes, Ferenc"]
[Black "Macieja, Bartlomiej"]
[Result "1/2-1/2"]
[WhiteElo "2659"]
[BlackElo "2625"]
[EventDate "2010.03.06"]
[PlyCount "34"]

1.d4 Nf6 2.c4 e6 3.Nc3 Bb4 4.Bg5 c5 5.d5 Bxc3+ 6.bxc3 d6 7.e3 h6 8.Bh4 e5 
9.Qc2 Qe7 10.Nf3 g5 11.Bg3 e4 12.Nd2 Bf5 13.Rb1 b6 14.h4 O-O 15.hxg5 hxg5 
16.Be2 Bg6 17.a4 Nbd7 1/2-1/2

[Event "11th EUR-ch"]
[Site "Rijeka CRO"]
[Date "2010.03.15"]
[Round "9"]
[White "Khismatullin, Denis"]
[Black "Popov, Valery"]
[Result "1-0"]
[WhiteElo "2657"]
[BlackElo "2585"]
[EventDate "2010.03.06"]
[PlyCount "62"]

1.c4 c6 2.Nf3 d5 3.d4 Nf6 4.Nc3 dxc4 5.a4 Bf5 6.Ne5 e6 7.f3 Bb4 8.Nxc4 O-O
9.e4 Nxe4 10.fxe4 Qh4+ 11.Kd2 Qxe4 12.Ne3 Qxd4+ 13.Ke1 Bxc3+ 14.bxc3 Qxc3+
15.Bd2 Qe5 16.Be2 Nd7 17.Qc1 Rad8 18.Bc3 Qe4 19.Bf3 Qf4 20.Nd1 Qc7 21.Qe3 
b6 22.Nb2 Nc5 23.Kf2 f6 24.Rad1 Rxd1 25.Rxd1 Qxh2 26.Bxc6 Rc8 27.Bf3 e5 
28.a5 h6 29.axb6 axb6 30.Be1 Kh7 31.Kf1 Ra8 1-0